000 03124nim a2200625 i 4500
001 197265
003 ES-MaACL
005 20251120135302.0
007 ss zsnzzbimuez
008 250430s1990 sp n || c spa
035 _a(SpMaBN)a3300835
035 _a(OCoLC)431050857
040 _aSpMaBN
_bspa
_cSpMaBN
_erdc
245 0 0 _aEl futuro de la revolución cubana
_h[Grabación sonora]
260 _aMadrid :
_bAteneo de Madrid,
_c1990
300 _a6 casetes (ca. 540 min) :
_bson. ;
_c11 cm. +
_e1 programa de mano
490 1 _3Actos culturales en el Ateneo de Madrid.
505 _aCintas 1 y 2. Día 15. Debate sobre el socialismo y el capitalismo hoy; Confrontación desde la dimensión socio-económica y política; Participación de la juventud en el proceso revolucionario cubano. - Cintas 3 y 4. Día 16. Los grandes valores y el universo que conllevan los dos sistemas; En que consiste ser joven revolucionario. - Cintas 5 y 6. Día 17. El futuro concreto de la revolución y sus problemas más difíciles en los próximos años; Actitud de España y de los demás países europeos frente a Cuba.
518 _aGrabado los días 15, 16 y 17 de octubre de 1990 en el Salón de Actos del Ateneo de Madrid
520 _aEn las jornadas participan personalidades tanto de Cuba como de España
540 _aDocumento inédito.
594 _5Datos basados en el programa de las jornadas.
610 2 0 _aAteneo de Madrid-
_xActos culturales-
_y1990-
_vGrabaciones sonoras
_9240083
651 7 _9155016
_aCuba-
_xHistoria-
_y1959, Revolución
653 _aArchivo de la palabra
655 0 _aConferencias
_9234444
700 1 _aRobaina, Roberto,
_d1956-
_eora
_9240444
700 _9240445
_aUrra, Pedro
_eora
700 _9240446
_aValdés, María del Carmen
_eora
700 1 _9240447
_aHerrera, Elena
_eora
700 1 _9240448
_aCrespo, José María
_eora
700 0 _977649
_aMartín Santillán, Guillermo
_eora
700 0 _9103378
_aSantiago, Enrique
_eora
700 _9240449
_aVázquez Galán, Carlos
_eora
700 1 _aSanz, Javier,
_d1957-
_eora
_9143018
700 _9240450
_aÁlvarez Martín, Lorenzo
_eora
710 2 _aAteneo de Madrid
_91875
_ehis
710 2 _aAsociación de Amistad Hispano-Cubana
_91561
_ecoor
710 2 _aInstituto de Estudios Políticos para América Latina
_94926
_ecoor
710 2 _aJuventudes Socialistas de España.
_9240451
_ecoor
710 2 _aUnión de Juventudes Comunistas de España
_9240453
_ecoor
710 _aDepartamento de Juventud de UGT
_9240455
_ecoor
710 _aDepartamento de Juventud de CCOO
_9240456
_ecoor
710 _aConsejo de la Juventud de Europa
_9240458
_eclb
830 0 _aActos culturales en el Ateneo de Madrid
_9240237
852 _aES-MaACL
_cDEPOZ
_pCinta 1
_9205512
852 _aES-MaACL
_cDEPOZ
_pCinta 2
_9205513
852 _aES-MaACL
_cDEPOZ
_pCinta 3
_9205514
852 _aES-MaACL
_cDEPOZ
_pCinta 4
_9205515
852 _aES-MaACL
_cDEPOZ
_pCinta 5
_9205516
852 _aES-MaACL
_cDEPOZ
_pCinta 6
_9205517
942 _2udc
_cCINTASAUD
_n0
999 _c197265
_d197265